000 01052nam a22002657a 4500
999 _c64989
_d64989
005 20240530110801.0
008 190211s2015 ua g b 000 0 ara d
017 _a2015/11210
_bمصر. دار الكتب
020 _a9789777440998
040 _aEG-CaGPL
_cEG-CaGPL
082 0 4 _221
_a398.27/
_bع أ
100 0 _aعبدالرحمن فرج رحيم الجميعى
245 1 0 _aاهل البادية :
_bعادات وتقاليد يجب ان تزول /
_cجمع واعداد عبدالرحمن فرج رحيم الجميعى
250 _aط.1
260 _aالقاهرة :
_bالدار العالمية للنشر والتوزيع،
_c2015.
300 _a455 ص. ؛
_c24 سم.
504 _aيشتمل على ارجاعات ببليوجرافية
650 0 7 _2qrmak
_aالعادات والتقاليد
650 0 7 _2qrmak
_a التراث
650 0 7 _2qrmak
_aالطقوس الدينية
650 0 7 _2qrmak
651 _2qrmak
_aالمجتمعات البدائية
942 _2ddc
_cBK